000
00206nam a2200097Ia 4500
005
20251222114409.0
008
251222s1900||||xx |||||||||||||| ||spa||
082
_a
DVD0040/V47
245
0
_a
Rango:
942
_c
DVD
999
_c
1969
_d
1969